The San Jose scale, Aspidiotus perniciosus and some other destructive scale-insects of the State of New York, (Record no. 24582)
[ view plain ]
| 000 -LEADER | |
|---|---|
| fixed length control field | 00928cam a22002531 4500 |
| 001 - CONTROL NUMBER | |
| control field | gs 07000459 |
| 003 - CONTROL NUMBER IDENTIFIER | |
| control field | DLC |
| 005 - DATE AND TIME OF LATEST TRANSACTION | |
| control field | 20260227111305.0 |
| 008 - FIXED-LENGTH DATA ELEMENTS--GENERAL INFORMATION | |
| fixed length control field | 780523s1895 nyuaf b s000 0 eng |
| 010 ## - LIBRARY OF CONGRESS CONTROL NUMBER | |
| LC control number | gs 07000459 |
| 035 ## - SYSTEM CONTROL NUMBER | |
| System control number | (OCoLC)3921029 |
| 040 ## - CATALOGING SOURCE | |
| Original cataloging agency | DLC |
| Transcribing agency | NUtSU |
| Modifying agency | NBrockU |
| -- | DLC |
| 042 ## - AUTHENTICATION CODE | |
| Authentication code | premarc |
| 050 00 - LIBRARY OF CONGRESS CALL NUMBER | |
| Classification number | SB939 |
| Item number | .L7 |
| 100 1# - MAIN ENTRY--PERSONAL NAME | |
| Personal name | Lintner, Joseph Albert, |
| Dates associated with a name | 1822-1898. |
| 245 14 - TITLE STATEMENT | |
| Title | The San Jose scale, Aspidiotus perniciosus and some other destructive scale-insects of the State of New York, |
| Statement of responsibility, etc. | by J.A. Lintner. |
| 260 ## - PUBLICATION, DISTRIBUTION, ETC. | |
| Place of publication, distribution, etc. | Albany, |
| Name of publisher, distributor, etc. | University of the state of New York, |
| Date of publication, distribution, etc. | 1895. |
| 300 ## - PHYSICAL DESCRIPTION | |
| Extent | 2 p. l, [267]-305, [7] p. of plates. |
| Other physical details | illus. |
| Dimensions | 25 cm. |
| 440 #0 - SERIES STATEMENT/ADDED ENTRY--TITLE | |
| Title | Bulletin of the New York State Museum, |
| Volume/sequential designation | v. 3, no. 13 |
| 500 ## - GENERAL NOTE | |
| General note | Brief explanation printed on the verso of plates. |
| 504 ## - BIBLIOGRAPHY, ETC. NOTE | |
| Bibliography, etc. note | Bibliography: p. 303-305. |
| 650 #0 - SUBJECT ADDED ENTRY--TOPICAL TERM | |
| Topical term or geographic name entry element | Aspidiotus perniciosus. |
| 650 #0 - SUBJECT ADDED ENTRY--TOPICAL TERM | |
| Topical term or geographic name entry element | Insect pests |
| Geographic subdivision | New York (State) |
No items available.